000
00220 a2200109 4500
020
_a
9781338108774
041
_a
spa
100
_a
Teddd Arnold
245
_a
La navidad ninja de hombre mosca
942
_c
BK
952
_7
1
999
_c
21724
_d
21724